Sudden Death-Noble Gases - Statistics

General Stats
  • This quiz has been taken 48 times
  • The average score is 4 of 7
Answers on the Grid
Answers color-coded by a green-red scale on the quiz's grid according to % correct below.
Antimony
Argon
Beryllium
Boron
Carbon
Chlorine
Chromium
Erbium
Gallium
Germanium
Helium
Hydrogen
Krypton
Lithium
Manganese
Neon
Oganesson
Osmium
Oxygen
Potassium
Radium
Radon
Sodium
Strontium
Tennessine
Terbium
Tungsten
Vanadium
Xenon
Ytterbium
 
Answer Stats
Answer % Correct
Argon
96%
Neon
62%
Helium
50%
Xenon
50%
Krypton
46%
Radon
31%
Oganesson
19%
No matching quizzes found
Score Distribution
Percent of People with Each Score
Percentile by Number Answered
Your Score History
You have not taken this quiz